Справочные материалы по обобщенным базовым показателям и зарубежным аналогам основных видов выпускаемого отраслью оборудования. Вып. 1 (Запись № 5358563)

Подробности
000 -МАРКЕР
контрольное поле 01534nam2a22002411 4500
001 - ИДЕНТИФИКАТОР ЗАПИСИ
контрольное поле rc\450363
005 - ИДЕНТИФИКАТОР ВЕРСИИ
контрольное поле 20250621134808.0
035 ## - ДРУГИЕ СИСТЕМНЫЕ НОМЕРА
Идентификатор записи (NLR Aleph) 005807713
100 ## - ДАННЫЕ ОБЩЕЙ ОБРАБОТКИ
Данные общей обработки 20030616d1988 |||y0rusy50 ca
101 0# - ЯЗЫК РЕСУРСА
Язык текста, звукозаписи и т.д. русский
102 ## - СТРАНА ПУБЛИКАЦИИ ИЛИ ПРОИЗВОДСТВА
Страна публикации Российская Федерация
105 ## - ПОЛЕ КОДИРОВАННЫХ ДАННЫХ: ТЕКСТОВЫЕ МАТЕРИАЛЫ, МОНОГРАФИЧЕСКИЕ
Кодированные данные о монографическом текстовом документе y |||||||||
200 0# - ЗАГЛАВИЕ И СВЕДЕНИЯ ОБ ОТВЕТСТВЕННОСТИ
Основное заглавие Вып. 1
210 ## - ПУБЛИКАЦИЯ, РАСПРОСТРАНЕНИЕ И ДР.
Дата издания, распространения и т.д. 1988
Место издания, распространения и т.д. Б. м.
215 ## - ФИЗИЧЕСКАЯ ХАРАКТЕРИСТИКА
Специфическое обозначение материала и объем 40 с.
333 ## - ПРИМЕЧАНИЯ ОБ ОСОБЕННОСТЯХ РАСПРОСТРАНЕНИЯ И ИСПОЛЬЗОВАНИЯ
Текст примечания ДСП. Экз. № 0009
461 #0 - УРОВЕНЬ НАБОРА
Встроенное поле 001rc\450362
-- 2001#$aСправочные материалы по обобщенным базовым показателям и зарубежным аналогам основных видов выпускаемого отраслью оборудования$fМ-во тяжелого, энерг. и трансп. машиностроения СССР, ЦНИИТЭИтяжмаш$g[Принимали участие С.И. Мочан и др.]$vВып. 1
Системный номер (АБИС) связанной записи 5358557
Место публикации М.
Дата публикации 1988
Первые сведения об ответственности М-во тяжелого, энерг. и трансп. машиностроения СССР, ЦНИИТЭИтяжмаш
Имя издателя, распространителя и т.д. Отрасл. н.-и. отд. анализа и синтеза зарубеж. науч.-техн. и конъюнкт. информ.
Заглавие Справочные материалы по обобщенным базовым показателям и зарубежным аналогам основных видов выпускаемого отраслью оборудования
Номер тома Вып. 1
801 #0 - ИСТОЧНИК ЗАПИСИ
Страна Российская Федерация
Организация NLR
Правила каталогизации psbo
801 #1 - ИСТОЧНИК ЗАПИСИ
Страна Российская Федерация
Организация ELAR
Источник данных rusmarc
852 ## - МЕСТОНАХОЖДЕНИЕ И ШИФР ХРАНЕНИЯ
Идентификатор организации NLR
Шифр хранения (Call Number) 89-50К/2340
942 ## - ДОПОЛНИТЕЛЬНЫЕ ЭЛЕМЕНТЫ ЗАПИСИ (АБИС)
Тип экземпляра АБИС Книга
980 ## - КОЛЛЕКЦИЯ
Название коллекции Национальная библиография
Экземпляры
Тип экземпляра Дата поступления Библиотека постоянного хранения Библиотека текущего хранения Место хранения Шифр хранения Штрих-код Статус экземпляра
Книга 26.10.2013 РНБ (Московский) РНБ (Московский) Фонд литературы для служебного пользования 89-50К/2340 1-1686039